Visualizzazione normale
Vista MARC
- DRAMMA STORICO
di Topical Term
Records bibliografici associati: 1
001 - CONTROL NUMBER
- control field: 44865
003 - CONTROL NUMBER IDENTIFIER
- control field: IT-RoPau
005 - DATE AND TIME OF LATEST TRANSACTION
- control field: 20151129155824.0
008 - FIXED-LENGTH DATA ELEMENTS
- fixed length control field: 151129|| aca||aabn | a|a d
040 ## - CATALOGING SOURCE
- Original cataloging agency: IT-RoPau
- Transcribing agency: IT-RoPau
150 ## - HEADING--TOPICAL TERM
- Topical term or geographic name entry element: DRAMMA STORICO
- : PELLICOLE CINEMA [16 MM]
- General subdivision: Codice MATERIA SPICS: 9955
670 ## - SOURCE DATA FOUND
- Source citation: Work cat.: (IT-RoPau)106056: Montaldo Giuliano Codice regista SPICS: 1606 44863, GIORDANO BRUNO GIORDANO BRUNO (Rif. Codice opera principale : V0871)